Alle Bundesminister unter Merkel - Statistiken

Allgemein
  • Dieses Quiz wurde 50 mal gespielt
  • Das Durchschnittsergebnis liegt bei 24 aus 50
Antwortstatistiken
Amtszeit Ressort Partei Antwort % Korrekt
2007-2009 2018-2021 Arbeit und Soziales Finanzen 🟥 Olaf Scholz
82%
2005-2009 2009-2013 2013-2019 Familie, Senioren, Frauen und Jugend Arbeit und Soziales Verteidigung Ursula von der Leyen
82%
2005-2009, 2013-2017 Außwärtiges ​​🟥​ Frank-Walter Steinmeier
80%
2009-2013 Außwärtiges ​🟨​ Guido Westerwelle
80%
2005-2009 2009-2017 Inneres Finanzen Wolfgang Schäuble
80%
2013-2017 2018-2021 Justiz und Verbraucherschutz Außwärtiges 🟥 Heiko Maas
77%
2005-2008 2018-2021 Ernährung, Landwirtschaft und Verbraucherschutz Inneres 🟦 Horst Seehofer
75%
2009 2009-2011 Wirtschaft und Technologie Verteidigung 🟦 Karl-Theodor zu Guttenberg
73%
2018-2021 Gesundheit Jens Spahn
68%
2005-2009 Finanzen 🟥 Peer Steinbrück
66%
2005-2009 2013-2017 2017 Umwelt, Naturschutz und Reaktorsicherheit Wirtschaft und Energie Außwärtiges 🟥 Sigmar Gabriel
64%
2013-2017 Verkehr und digitale Infrastruktur 🟦 Alexander Dobrindt
61%
2019-2021 Verteidigung Annegret Kramp-Karrenbauer
61%
2009-2011 2011-2013 Gesundheit Wirtschaft und Technologie 🟨 Philipp Rösler
61%
2018-2021 Verkehr und digitale Infrastruktur 🟦 Andreas Scheuer
59%
2013-2021 Wirtschaftliche Zusammenarbeit und Entwicklung 🟦 Gerd Müller
59%
2018-2021 Arbeit und Soziales 🟥 Hubertus Heil
59%
2013-2017 Arbeit und Soziales 🟥 Andrea Nahles
57%
2014-2017 2017 Ernährung und Landwirtschaft Verkehr und digitale Infrastruktur 🟦 Christian Schmidt
52%
2011-2013 Gesundheit 🟨 Daniel Bahr
52%
2005-2009 2009-2011, 2013-2017 2011-2013 Bundesminister für besondere Aufgaben & Chef des BKAmt Inneres Verteidigung Thomas de Maiziére
52%
2005-2009 Gesundheit 🟥 Ulla Schmidt
52%
2009-2013 Familie, Senioren, Frauen und Jugend Kristina Schröder
48%
2012-2013 2013-2017 2017 2018-2021 Umwelt, Naturschutz und Reaktorsicherheit Bundesminister für besondere Aufgaben & Chef des BKAmt Finanzen Wirtschaft und Energie Peter Altmaier
48%
2005-2007 Arbeit und Soziales 🟥 Franz Müntefering
45%
2018-2021 Ernährung und Landwirtschaft Julia Klöckner
43%
2009-2013 Verkehr, Bau und Stadtentwicklung 🟦 Peter Ramsauer
43%
2005-2013 Bildung und Forschung Annette Schavan
39%
2009-2013 Justiz 🟨 Sabine Leutheusser-Schnarrenberger
39%
2011-2013 2013 2013-2014 Inneres Ernährung, Landwirtschaft und Verbraucherschutz Ernährung und Landwirtschaft 🟦 Hans-Peter Friedrich
36%
2019-2021 2021 Justitz und Verbraucherschutz Familie, Senioren, Frauen und Jugend 🟥 Christine Lambrecht
34%
2018-2021 Umwelt, Naturschutz und nukleare Sicherheit 🟥 Svenja Schulze
34%
2005-2009 2017 Justiz Wirtschaft und Energie 🟥 Brigitte Zypries
32%
2005-2009 2009 Verteidigung Arbeit und Soziales Franz Josef Jung
32%
2009-2011 Wirtschaft und Technologie 🟨 Rainer Brüderle
32%
2009-2013 Wirtschaftliche Zusammenarbeit und Entwicklung 🟨 Dirk Niebel
30%
2018-2021 Bundesminister für besondere Aufgaben & Chef des BKAmt Helge Braun
30%
2013-2017 Gesundheit Hermann Gröhe
30%
2008-2013 Ernährung, Landwirtschaft und Verbraucherschutz 🟦 Ilse Aigner
30%
2013-2017 Familie, Senioren, Frauen und Jugend 🟥 Manuela Schwesig
30%
2013-2017 Bildung und Forschung Johanna Wanka
27%
2017 2017 2018-2019 Arbeit und Soziales Familie, Senioren, Frauen und Jugend Justitz und Verbraucherschutz 🟥 Katarina Barley
27%
2009-2013 Bundesminister für besondere Aufgaben & Chef des BKAmt Ronald Pofalla
27%
2005-2009 Verkehr, Bau und Stadtentwicklung 🟥 Wolfgang Tiefensee
27%
2018-2021 Bildung und Forschung Anja Karliczek
25%
2018-2021 Familie, Senioren, Frauen und Jugend 🟥 Franziska Giffey
25%
2005-2009 Wirtschaftliche Zusammenarbeit und Entwicklung 🟥 Heidemarie Wieczorek-Zeul
25%
2009-2012 Umwelt, Naturschutz und Reaktorsicherheit Norbert Röttgen
25%
2013-2017 Umwelt, Naturschutz, Bau und Reaktorsicherheit 🟥 Barbara Hendricks
20%
2005-2009 Wirtschaft und Technologie 🟦 Michael Glos
20%
Keine übereinstimmenden Quizze gefunden
Verteilung der Resultate
Anzahl Personen mit jedem Resultat
Perzentil nach korrekt beantworteten Fragen
Ihre Resultats-Entwicklung
Sie haben dieses Quiz noch nicht gespielt